[Event "SRB-chT2 West CS"]
[Site "Serbia"]
[Date "2011.09.11"]
[Round "1.6"]
[White "Bezarevic, Branko"]
[Black "Ignjatovic, Predrag"]
[Result "1/2-1/2"]
[WhiteElo "2176"]
[BlackElo "2285"]
[PlyCount "52"]
[EventDate "2011.09.11"]
[EventType "team"]
[EventRounds "11"]
[EventCountry "SRB"]
[SourceTitle "EXT 2015"]
[Source "ChessBase"]
[SourceDate "2014.11.20"]
[SourceVersion "1"]
[SourceVersionDate "2014.11.20"]
[SourceQuality "1"]

1. d4 Nf6 2. c4 e6 3. g3 d5 4. Nf3 dxc4 5. Bg2 Nc6 6. Qa4 Bd7 7. Qxc4 Bd6 8. 0-0 0-0 9. Nc3 a6 10. e4 e5 11. Re1 Re8 12. h3 b5 13. Qd3 b4 14. Ne2 Qc8 15. Kh2 h6 16. Bd2 Rb8 17. b3 Rb5 18. Rac1 exd4 19. Nexd4 Nxd4 20. Qxd4 Rh5 21. h4 Ng4+ 22. Kg1 Qb8 23. Bf4 Bxf4 24. gxf4 Bc8 25. Rc5 Rxc5 26. Qxc5 Qb6 1/2-1/2

[Event "SRB-chT Cup Central"]
[Site "Vrnjacka Banja"]
[Date "2011.05.02"]
[Round "7"]
[White "Jovanovic, Bojan P"]
[Black "Bezarevic, Branko"]
[Result "1-0"]
[WhiteElo "2184"]
[BlackElo "2201"]
[PlyCount "149"]
[EventDate "2011.05.01"]
[EventType "team"]
[EventRounds "7"]
[EventCountry "SRB"]
[SourceTitle "EXT 2012"]
[Source "ChessBase"]
[SourceDate "2011.11.24"]
[SourceVersion "1"]
[SourceVersionDate "2011.11.24"]
[SourceQuality "1"]

1. c4 Nf6 2. Nc3 e6 3. Nf3 d5 4. cxd5 exd5 5. d4 Be7 6. Bg5 Nbd7 7. e3 c6 8. Bd3 0-0 9. 0-0 Re8 10. Qb1 Ne4 11. Bxe4 Bxg5 12. Bxh7+ Kh8 13. Bd3 Be7 14. b4 Bd6 15. b5 Qf6 16. Bf5 Qh6 17. bxc6 bxc6 18. e4 dxe4 19. Nxe4 Bc7 20. Bh3 Nb6 21. Neg5 Kg8 22. Bxc8 Raxc8 23. Qf5 f6 24. Ne6 Qh7 25. Qxh7+ Kxh7 26. Nxc7 Rxc7 27. Rfc1 Nd5 28. Kf1 Kg8 29. Rc4 Ne7 30. Rb1 Kf7 31. g3 Rd8 32. Ke2 Ke6 33. Kd3 Rcd7 34. h4 g6 35. Rbb4 Kf7 36. Ra4 Rc7 37. Rc5 Rcd7 38. g4 Rd5 39. Rxd5 Rxd5 40. Ra3 Rd7 41. Kc4 Rb7 42. Rb3 Rd7 43. Rb8 Ke6 44. Nd2 f5 45. Nb3 Rc7 46. Rf8 Nc8 47. g5 Nd6+ 48. Kd3 Rh7 49. Nc5+ Kd5 50. Na6 Ke6 51. Rf6+ Ke7 52. Nc5 Ne8 53. Rxg6 Rxh4 54. Rxc6 Rg4 55. Re6+ Kf7 56. Ra6 Rxg5 57. Rxa7+ Kf6 58. a4 Rg1 59. Ra6+ Ke7 60. Ra7+ Kd6 61. Rf7 Rd1+ 62. Ke3 Nc7 63. Nb7+ Kc6 64. Na5+ Kb6 65. Nc4+ Kc6 66. Rf6+ Kd7 67. Rxf5 Ne6 68. Rd5+ Ke7 69. a5 Rc1 70. Nb6 Re1+ 71. Kd2 Ra1 72. Kc3 Ra2 73. Rf5 Kd6 74. Rd5+ Kc7 75. Rd7+ 1-0